000 00578nam a22001457a 4500
999 _c9892
_d9892
008 180720b ||||| |||| 00| 0 eng d
082 _22018
_aUT 0898
_bC11
100 _929222
_aCabilla, Allyssa Juennesse
245 _aFactors affecting the creation of multiple accounts on social media /
_cAllyssa Juennesse Cabilla, Erwin James B. Echalas, Jesstony E. Gepolani.
260 _aDigos City:
_bUMDC
_cMarch 2018
300 _a 76 pages;
_b29 cm.
650 0 _929226
_aBS Psychology
_vPsychology
_xUndegraduate thesis.
700 _929228
_aCabilla, Allyssa Juennesse
942 _2ddc
_cUT